| 000 | 00532nam a22001817a 4500 | ||
|---|---|---|---|
| 003 | OSt | ||
| 005 | 20220509042200.0 | ||
| 008 | 170327b xxu||||| |||| 00| 0 eng d | ||
| 020 | _a9780538753746 | ||
| 040 |
_aMMU _beng. _cMMU _dMMU |
||
| 050 | _aZ52.5 .M52Z56 2010 | ||
| 245 |
_aNew perspectives on microsoft powerpoint 2010/ _cBeverly B. Zimmerman ...[et al.]. |
||
| 260 |
_aBoston: _bCourse Technology, _c2010. |
||
| 300 | _aviii,120p.; | ||
| 500 | _aincludes index. | ||
| 650 | _aMicrosoft powerpoint. | ||
| 942 |
_2lcc _cLOAN LOAN |
||
| 999 |
_c26015 _d26015 |
||